Công việc nha tổng giám đốc bưu điện Việt Nam : Luận văn tốt nghiệp

Đề tài giới thiệu lịch sử bưu điện thế giới, tầm quan trọng của ngành bưu điện, hệ thống bưu điện Việt Nam và đề xuất các giải pháp.

Sparad:
Bibliografiska uppgifter
Huvudupphovsman: Nguyễn, Văn Ảnh
Materialtyp: Bok
Språk:Undetermined
Publicerad: Sài Gòn Học viện Quốc Gia Hành Chánh 1969
Ämnen:
Taggar: Lägg till en tagg
Inga taggar, Lägg till första taggen!
Thư viện lưu trữ: Trung tâm Học liệu Trường Đại học Cần Thơ
LEADER 00929nam a2200205Ia 4500
001 CTU_26343
008 210402s9999 xx 000 0 und d
082 |a 383 
082 |b A107 
100 |a Nguyễn, Văn Ảnh 
245 0 |a Công việc nha tổng giám đốc bưu điện Việt Nam : 
245 0 |b Luận văn tốt nghiệp 
245 0 |c Nguyễn Văn Ảnh ; Bùi Quang Khánh (Người hướng dẫn) 
260 |a Sài Gòn 
260 |b Học viện Quốc Gia Hành Chánh 
260 |c 1969 
520 |a Đề tài giới thiệu lịch sử bưu điện thế giới, tầm quan trọng của ngành bưu điện, hệ thống bưu điện Việt Nam và đề xuất các giải pháp. 
650 |a Postal service 
904 |i Nguyễn Quang Điền, Hải 
980 |a Trung tâm Học liệu Trường Đại học Cần Thơ